| 000 | 00747nam a2200217Ii 4500 | ||
|---|---|---|---|
| 003 | JO-AjNU | ||
| 008 | 230605s9999||||xx |||||||||||||| ||und|| | ||
| 017 | _a2000/54 | ||
| 040 |
_aJO-AjNU _bara _erda _cJO-AjNU |
||
| 041 | _aara | ||
| 050 | 1 | 4 | _aBP166.78.Z362 2000 |
| 100 | 3 |
_aالزنداني، عبد المجيد بن عزيز وآخرون, _eauthor _941091 |
|
| 245 | 0 | 0 | _aعلم الإيمان، ج1 |
| 250 | _aط1 | ||
| 264 | 3 | 1 | _aصنعاء: مركز البحوث بجامعة الايمان، 2000 |
| 300 |
_aج1، 342ص _bالمصادر والمراجع ص328-335 |
||
| 336 |
_atext _btxt _2rdacontent |
||
| 337 |
_aunmediated _bn _2rdamedia |
||
| 338 |
_avolume _bnc _2rdacarrier |
||
| 650 | 4 |
_aالايمان- الاسلام _941092 |
|
| 999 |
_aA17491 _c21059 _d21059 |
||